Cartilla Retencin̤ en la Fuente 2014

Detalles Bibliográficos
Autor principal: Zuluaga Potes, Jorge Hernǹ
Formato: eBook
Lenguaje:español
Publicado: Bogot:̀ ECOE, 2014
Materias:
Acceso en línea:Acceso restringido

MARC

LEADER 00000nam a22000007a 4500
005 20140602195856.0
007 cr|||| ||||
008 140602s2014 co |||||s|||| 00||0 spa d
020 |a 978-958-771-066-3 
035 |a 12178 
040 |a vLex 
090 |c 4960  |d 4960 
100 1 |a Zuluaga Potes, Jorge Hernǹ 
245 1 0 |a Cartilla Retencin̤ en la Fuente 2014  |h [Recurso electrn̤ico] /  |c Jorge Hernǹ Zuluaga Potes 
256 |a Servicio en ln̕ea 
260 |a Bogot:̀  |b ECOE,  |c 2014 
300 |a 1 recurso electrn̤ico 
506 1 |a Disponible solo en los productos indicados  |d vLex Global  |d vLex Global (Academic Edition, excluding Law Schools)  |d vLex Global (U.S. Academic Edition, Law Schools)  |d vLex Global (U.S. Academic Edition, excluding Law Schools)  |d vLex Global (Academic Edition, Law Schools) 
650 0 4 |a Derecho Fiscal  |z Colombia 
740 0 |a vLex Libros (Servicio en ln̕ea) 
856 4 0 |u http://vlex.com/source/cartilla-retencion-fuente-2014-12178  |z Acceso restringido 
942 |c BOOK 
999 0 |a Tax Law